The physical education curriculum /
Society and the celebration of life. Educational foundations. The student and curriculum objectives. Curriculum planning in physical education. Research and curriculum change...
Wedi'i Gadw mewn:
| Prif Awdur: | |
|---|---|
| Awduron Eraill: | |
| Fformat: | Llyfr |
| Iaith: | English |
| Cyhoeddwyd: |
Boston :
Allyn and Bacon,
1997.
|
| Rhifyn: | 5th ed. |
| Pynciau: | |
| Tagiau: |
Ychwanegu Tag
Dim Tagiau, Byddwch y cyntaf i dagio'r cofnod hwn!
|
| Thư viện lưu trữ: | Mạng thư viện Đại học Đà Nẵng |
|---|
| LEADER | 01201cam a2200385 i 4500 | ||
|---|---|---|---|
| 001 | 000048888 | ||
| 003 | 8614 | ||
| 005 | 20030311085939.0 | ||
| 008 | 010326|1997 vm 000 eng | ||
| 020 | |a 0132969971 | ||
| 040 | |a IRC |c IRC |d IRC | ||
| 041 | 0 | |a eng | |
| 082 | 1 | 4 | |a 375.61370973 |b ST-J |
| 100 | 1 | |a Stillwell, Jim L. | |
| 245 | 0 | 4 | |a The physical education curriculum / |c Jim L. Stillwell, Carl E. Willgoose. |
| 250 | |a 5th ed. | ||
| 260 | |a Boston : |b Allyn and Bacon, |c 1997. | ||
| 300 | |a xii, 351 p. : |b ill. ; |c 24cm. | ||
| 520 | 3 | |a Society and the celebration of life. Educational foundations. The student and curriculum objectives. Curriculum planning in physical education. Research and curriculum change... | |
| 630 | 0 | 4 | |a Education. |
| 630 | 0 | 4 | |a Curricula. |
| 630 | 0 | 4 | |a Physical education. |
| 630 | 0 | 4 | |a Physical training. |
| 650 | 0 | 4 | |a Physical education and training |z United States |x Curricula. |
| 700 | 1 | |a Willgoose, Carl E. | |
| OWN | |a DUT | ||
| 999 | |a From the UDN01 | ||
| TYP | |a Monograph | ||
| TYP | |a Printed language | ||
| 980 | |a Mạng thư viện Đại học Đà Nẵng | ||


